| 000 | 00396cam a2200157ua 4500 | ||
|---|---|---|---|
| 003 | OSt | ||
| 008 | 240321b |||||||| |||| 00| 0 eng d | ||
| 041 | _aeng | ||
| 082 |
_a796.076 _bSHA/ES |
||
| 100 |
_aShaver, Lorry G . _96162 |
||
| 245 | _aEssentials of exercise physiology / | ||
| 260 |
_aDelhi : _bSurjeet publications , _c1982. |
||
| 300 | _a310 ; . | ||
| 500 | _a**Reference | ||
| 942 | _cBK | ||
| 999 |
_c4756 _d4756 |
||